000 01193nam0a22003251 4500
001 RU\INFOCOMM_322\NLR\5000111064
005 20250613110047.0
035 _a(NLR Aleph) 009543464
090 _a8961457
_c8961457
100 _a20121214d1979 |||y0rusy50 ca
101 0 _aeng
102 _aRU
105 _ay z |||||
200 1 _aGeneralized Heisenberg ferromagnet and the Gross-Neveu model
_fP. P. Kulish, N. Yu. Reshetikhin
210 _aL.
_d1979
215 _a24 с.
_d20 см
225 1 _aПрепринты ЛОМИ
_fАН СССР, Мат. ин-т им. В. А. Стеклова. Ленингр. отд-ние
_vЕ-4-79
320 _aБиблиогр.: с. 24
606 0 _aМагнитные материалы
_xМодель Гейзенберга
_91368227
_3RU\NLR\AUTH\66259004
620 _aСанкт-Петербург
686 _aВ373.34
_2rubbk
700 1 _9z02790
_aKuliš
_bP. P.
_gPetr Petrovič
701 1 _9z03790
_aRešetichin
_bN. Ju.
790 1 _9z02700
_aKulish
_bP. P.
_4070
790 1 _9z03701
_aReshetikhin
_bN. Yu.
_4070
801 1 _aRU
_bInfocomm
_c20121214
801 0 _aRU
_bINFOCOMM
_gPSBO
852 _aNLR
_jФз01 Д-4/1214
942 _cBOOK
980 _aNB